[Event "GER Ch"]
[Site "Binz GER"]
[Date "1994.??.??"]
[Round "8"]
[White "Schlosser, Philipp"]
[Black "Bischoff, Klaus"]
[Result "1/2-1/2"]
[WhiteElo "2510"]
[BlackElo "2500"]
[PlyCount "83"]
[EventDate "1994.11.??"]
[Source "www.chesslib.no"]
[SourceDate "2004.05.04"]

1. d4 d6 2. c4 g6 3. Nc3 Bg7 4. e4 Nc6 5. Be3 Nf6 6. d5 Ne5 7. h3 c6 8. f4 Ned7 9. Nf3 O-O 10. Bd3 Qa5 11. O-O Nc5 12. Bc2 Qb4 13. Bd4 Qxb2 14. e5 Nh5 15. dxc6 bxc6 16. Nb5 Qb4 17. Nc7 Rb8 18. Rb1 Qa5 19. Rxb8 Qxc7 20. Rb1 Nxf4 21. Be3 Nfe6 22. exd6 exd6 23. Qd2 Re8 24. Rbd1 Bf8 25. Bh6 Be7 26. Ng5 Nxg5 27. Bxg5 Bf8 28. Bf4 Rd8 29. Qf2 Ne6 30. c5 Nxf4 31. Qxf4 Rd7 32. cxd6 Bxd6 33. Qf6 Be5 34. Rxd7 Qb6+ 35. Qf2 Bxd7 36. Qxb6 axb6 37. Bb3 Be8 38. Rd1 Kf8 39. Rd8 Ke7 40. Ra8 Bd4+ 41. Kf1 b5 42. a4 1/2-1/2

[Event "Surakarta/Denpasar"]
[Site "Surakarta"]
[Date "1982.??.??"]
[Round "19"]
[White "Henley, Ron W"]
[Black "Suttles, Duncan"]
[Result "1-0"]
[WhiteElo "2460"]
[BlackElo "2475"]
[PlyCount "151"]
[EventDate "1982.02.??"]
[Source "ChessBase"]

1. d4 d6 2. c4 g6 3. Nc3 Bg7 4. e4 Nc6 5. Be3 e5 6. d5 Nce7 7. c5 f5 8. Bb5+ Kf8 9. f3 Bh6 10. Qd2 Kg7 11. cxd6 cxd6 12. Nge2 a6 13. Bd3 Bxe3 14. Qxe3 Nf6 15. h3 f4 16. Qf2 g5 17. a3 Ng6 18. Kd2 h5 19. g3 fxg3 20. Qxg3 Nh7 21. Rag1 Rf8 22. h4 g4 23. Rf1 Rxf3 24. Rxf3 gxf3 25. Qxf3 Bg4 26. Qf2 Qf6 27. Qb6 Qe7 28. Ng3 Rf8 29. Nf5+ Bxf5 30. exf5 Nf4 31. Ne4 Nxd3 32. Kxd3 Rxf5 33. Nxd6 Rf4 34. Ne4 Qd7 35. Rg1+ Kh8 36. Qe6 Qxe6 37. dxe6 Nf6 38. e7 Ne8 39. Rg5 Rxh4 40. Rf5 Rg4 41. Rxh5+ Kg7 42. Rxe5 Rg6 43. Nc3 Kf7 44. Nd5 Rc6 45. Re2 Rc5 46. Kd4 Rc6 47. a4 Rd6 48. Kc5 Rc6+ 49. Kb4 a5+ 50. Kb3 Rc5 51. Nb6 Nd6 52. Nc4 Ne8 53. Ne5+ Kg7 54. Rg2+ Kh7 55. Nd7 Rc7 56. Nf8+ Kh8 57. Rg5 b6 58. Rb5 Kg8 59. Rxb6 Rxe7 60. Ne6 Nf6 61. Nd4 Re3+ 62. Kc4 Nd7 63. Re6 Rh3 64. Re7 Nb6+ 65. Kb5 Nd5 66. Re5 Ne3 67. b3 Nd1 68. Kxa5 Rd3 69. Re4 Nc3 70. Rg4+ Kh7 71. Kb4 Nd1 72. a5 Rd2 73. Nb5 Ne3 74. Re4 Nd5+ 75. Kc5 Nf6 76. Rd4 1-0

[Event "Tel Aviv"]
[Site "?"]
[Date "2000.??.??"]
[Round "?"]
[White "Mikhalevski, A."]
[Black "Postny, E."]
[Result "1/2-1/2"]
[WhiteElo "2475"]
[BlackElo "2420"]
[PlyCount "53"]
[EventDate "2000.??.??"]
[Source "Chess Informant"]
[SourceDate "2000.02.01"]

1. d4 d6 2. c4 g6 3. Nc3 Bg7 4. e4 Nc6 5. Be3 e5 6. d5 Nce7 7. c5 f5 8. cxd6 cxd6 9. Bb5+ Kf8 10. Nh3 Bh6 11. Bxh6+ Nxh6 12. Ng5 Kg7 13. O-O Rf8 14. Qd2 fxe4 15. Ncxe4 Nhf5 16. Ne6+ Bxe6 17. dxe6 d5 18. Ng5 Qd6 19. Bd7 h6 20. Nf3 Nc6 21. Qc3 Nfd4 22. Nxd4 Nxd4 23. Rae1 Rf5 24. f4 Nxe6 25. Bxe6 Qxe6 26. Rxe5 Rxe5 27. fxe5 1/2-1/2

[Event "IBM"]
[Site "Amsterdam"]
[Date "1977.??.??"]
[Round "15"]
[White "Ree, Hans"]
[Black "Van Wijgerden, Cornelis"]
[Result "1-0"]
[WhiteElo "2460"]
[BlackElo "2430"]
[PlyCount "111"]
[EventDate "1977.06.??"]
[Source "ChessBase"]

1. d4 d6 2. c4 g6 3. Nc3 Bg7 4. e4 Nc6 5. Be3 e5 6. d5 Nce7 7. g4 Nf6 8. h3 h5 9. g5 Nh7 10. Qd2 O-O 11. O-O-O Bd7 12. f4 exf4 13. Bxf4 a6 14. Nf3 b5 15. e5 Nf5 16. h4 Re8 17. Re1 Qb8 18. Bd3 bxc4 19. Bxc4 Qb4 20. Bb3 a5 21. Re4 Qb7 22. Rhe1 Kh8 23. exd6 cxd6 24. Rxe8+ Bxe8 25. Bc2 Qb4 26. a3 Qc5 27. Bxf5 gxf5 28. Be3 Qc7 29. Bd4 Rb8 30. Bxg7+ Kxg7 31. Nd4 Bd7 32. g6 Nf6 33. Re7 Qd8 34. Rxf7+ Kxg6 35. Ne6 Kxf7 36. Nxd8+ Rxd8 37. Qd4 Rg8 38. Qb6 a4 39. Qxd6 Rg1+ 40. Kc2 Rg4 41. b4 axb3+ 42. Kxb3 Rxh4 43. a4 Rh3 44. Qc7 f4 45. Qxf4 Kg6 46. Qe5 Rd3 47. a5 Bf5 48. Kc4 Ng4 49. Qd6+ Kg5 50. Qe7+ Kg6 51. Ne4 Rf3 52. Qg5+ Kh7 53. Qxh5+ Kg7 54. Qg5+ Kh7 55. Kd4 Rf1 56. Nf6+ 1-0

[Event "Tastrup"]
[Site "Tastrup"]
[Date "1990.??.??"]
[Round "6"]
[White "Schandorff, Lars"]
[Black "Hoi, Carsten"]
[Result "1/2-1/2"]
[WhiteElo "2445"]
[BlackElo "2445"]
[PlyCount "53"]
[EventDate "1990.02.??"]
[Source "ChessBase"]

1. d4 d6 2. c4 g6 3. Nc3 Bg7 4. e4 Nc6 5. Be3 Nf6 6. d5 Ne5 7. h3 O-O 8. Be2 c6 9. Nf3 Nxf3+ 10. Bxf3 cxd5 11. cxd5 Bd7 12. O-O Qa5 13. Qb3 Rfc8 14. Rfc1 Rc7 15. a3 Ne8 16. Be2 Rac8 17. Qb4 b6 18. Bd2 Nf6 19. Bd3 Qc5 20. Be3 Qa5 21. Qxa5 bxa5 22. Ne2 Ne8 23. Rxc7 Rxc7 24. Bd4 Bxd4 25. Nxd4 Rb7 26. Rb1 Nc7 27. b4 1/2-1/2

[Event "Stockholm 71/50"]
[Site "?"]
[Date "1997.??.??"]
[Round "?"]
[White "Hellborg, Teodor"]
[Black "Chernin, Alexander"]
[Result "1-0"]
[WhiteElo "2220"]
[BlackElo "2640"]
[PlyCount "93"]
[EventDate "1997.??.??"]
[Source "ChessBase"]
[SourceDate "1997.10.01"]

1. d4 d6 2. c4 g6 3. Nc3 Bg7 4. e4 Nc6 5. Be3 e5 6. d5 Nce7 7. c5 f5 8. cxd6 cxd6 9. Qa4+ Kf8 10. Qa3 Nf6 11. f3 fxe4 12. fxe4 Ng4 13. Bg5 Bh6 14. Bxh6+ Nxh6 15. Nb5 Nf7 16. Rc1 Qb6 17. Nc7 Rb8 18. Nf3 Kg7 19. Be2 Rf8 20. Rf1 Ng8 21. Rc3 Nf6 22. Nd2 Ng5 23. Nb5 Ngxe4 24. Nxe4 Nxe4 25. Rc7+ Kg8 26. Rxf8+ Kxf8 27. Qxa7 Qxa7 28. Nxa7 Bf5 29. g4 Ra8 30. Rxb7 Nc5 31. Rxh7 Kg8 32. Rc7 Bb1 33. b4 Na4 34. Bc4 Nb2 35. Bb5 Bxa2 36. Bc6 Rf8 37. b5 Nc4 38. Nc8 Bb1 39. b6 Bd3 40. Ne7+ Kg7 41. Nf5+ Kf6 42. b7 Bxf5 43. gxf5 Nb6 44. fxg6 Kxg6 45. Re7 Rb8 46. Kf2 Kg5 47. Kg3 1-0

[Event "AUT Team Ch 9495"]
[Site "Austria"]
[Date "1995.??.??"]
[Round "?"]
[White "Schroll, Gerhard"]
[Black "Horvath, Gyula"]
[Result "1-0"]
[WhiteElo "2375"]
[BlackElo "2455"]
[PlyCount "161"]
[EventDate "1994.??.??"]
[Source "www.chesslib.no"]
[SourceDate "2004.05.04"]

1. d4 d6 2. c4 g6 3. Nc3 Bg7 4. e4 Nc6 5. d5 Nd4 6. Be3 c5 7. dxc6 Nxc6 8. Qd2 Nf6 9. f3 O-O 10. Nge2 Be6 11. Nf4 Rc8 12. Rc1 Qa5 13. Be2 Nh5 14. Nxh5 Qxh5 15. O-O Qa5 16. f4 f5 17. exf5 gxf5 18. Rfd1 Kh8 19. b3 Bg8 20. Bf3 Rfd8 21. Nb5 Qxd2 22. Rxd2 a6 23. Nd4 Nxd4 24. Bxd4 Bxd4+ 25. Rxd4 Rc7 26. Re1 Kg7 27. c5 Kf6 28. cxd6 Rxd6 29. Rxd6+ exd6 30. Re8 Be6 31. Rd8 d5 32. Rd6 Ke7 33. Rb6 d4 34. Rxb7 Rxb7 35. Bxb7 a5 36. Kf2 Kd6 37. Ke2 Kc5 38. Kd3 Bd7 39. Ba6 h6 40. a3 Bc6 41. g3 Be4+ 42. Kd2 Bd5 43. Bd3 Be6 44. Ke2 Bd7 45. Bc4 Bc6 46. Kd2 Bb7 47. Bd3 Bc8 48. h3 Bd7 49. Be2 Be6 50. Bd3 Bd7 51. Bc2 Bc8 52. Bd1 Bb7 53. g4 Bg2 54. h4 fxg4 55. Bxg4 Bd5 56. Bd1 Bf7 57. Bc2 Kd5 58. Bd3 Kc5 59. Kc2 Be8 60. Bc4 Bg6+ 61. Kd2 Bf5 62. Bf7 Bd7 63. Bg6 Be6 64. f5 Bxb3 65. f6 Kd6 66. Kd3 Ke6 67. f7 Ke7 68. Kxd4 Bd1 69. Kc5 Bb3 70. Kb6 a4 71. Kb5 Bd1 72. Kb4 Bb3 73. Bd3 Bxf7 74. Kxa4 Bh5 75. Kb4 Bd1 76. Bc4 Kf6 77. Bb3 Bf3 78. a4 Kf5 79. a5 Bb7 80. Kc5 Kg4 81. Kb6 1-0

[Event "GM Scheveningen"]
[Site "?"]
[Date "1999.02.05"]
[Round "6"]
[White "Aung Aung"]
[Black "Ganbold Odondoo"]
[Result "0-1"]
[WhiteElo "2500"]
[BlackElo "2320"]
[PlyCount "70"]
[EventDate "1999.??.??"]
[Source "www.chesslib.no"]
[SourceDate "2004.05.04"]

1. d4 d6 2. c4 g6 3. Nc3 Bg7 4. e4 Nc6 5. Nge2 Nf6 6. f3 a6 7. Be3 Rb8 8. Qd2 b5 9. cxb5 axb5 10. Rc1 Bd7 11. b3 O-O 12. Bh6 e5 13. Bxg7 Kxg7 14. d5 Ne7 15. g4 b4 16. Nd1 c6 17. Ne3 cxd5 18. exd5 Qa5 19. Rd1 Rfc8 20. g5 Nh5 21. Nc4 Qc7 22. Ng3 Nf4 23. Ne3 Bh3 24. Bc4 Ra8 25. Qf2 Ra5 26. Ne4 Nf5 27. Rg1 Nxe3 28. Qxe3 Rxa2 29. Rd2 Rca8 30. Rg3 Bf5 31. h4 Bxe4 32. fxe4 Rxd2 33. Qxd2 Qc5 34. Qb2 Ra3 35. Rf3 Qa7 0-1

[Event "St Petersburg Open"]
[Site "St Petersburg RUS"]
[Date "1992.??.??"]
[Round "?"]
[White "Popov, Yuri N"]
[Black "Vladimirov, Boris T"]
[Result "1-0"]
[WhiteElo "2410"]
[BlackElo "2405"]
[PlyCount "79"]
[EventDate "1992.??.??"]
[Source "www.chesslib.no"]
[SourceDate "2004.05.04"]

1. d4 d6 2. c4 g6 3. Nc3 Bg7 4. e4 Nc6 5. d5 Nd4 6. Be3 c5 7. Nge2 Qb6 8. Qd2 Bd7 9. Rd1 Nxe2 10. Bxe2 Nf6 11. h3 h5 12. O-O a6 13. f4 h4 14. Bf2 O-O-O 15. Bd3 Ng8 16. e5 g5 17. exd6 exd6 18. fxg5 Ne7 19. Be3 Rhf8 20. b3 Ng6 21. Ne4 Be5 22. Rde1 Kb8 23. Nf6 Be8 24. Ng4 Bg7 25. Bxg6 fxg6 26. Rxf8 Bxf8 27. Qf2 Bd7 28. Nf6 Bf5 29. Qxh4 Qa5 30. Qf2 Bg7 31. g4 Bc8 32. Qd2 Qc7 33. Bf4 Qf7 34. Qe3 Bxf6 35. gxf6 Qc7 36. Qg3 g5 37. Bxg5 Qf7 38. Qf4 Qg6 39. f7 Rf8 40. Be7 1-0

[Event "ROM-ch"]
[Site "?"]
[Date "2001.11.24"]
[Round "1"]
[White "Jianu Vlad Cristian"]
[Black "Manolache Marius"]
[Result "1/2-1/2"]
[WhiteElo "2397"]
[BlackElo "2394"]
[PlyCount "59"]
[EventDate "2001.??.??"]
[Source "www.chesslib.no"]
[SourceDate "2004.05.04"]

1. d4 d6 2. c4 g6 3. Nc3 Bg7 4. e4 Nc6 5. Nge2 Nf6 6. d5 Nb8 7. Ng3 c6 8. Bd3 a6 9. O-O O-O 10. h3 b5 11. cxb5 axb5 12. dxc6 b4 13. Nd5 Nxc6 14. Bb5 Bb7 15. Bxc6 Bxc6 16. Nxb4 Bxe4 17. Nxe4 Nxe4 18. Qc2 d5 19. Be3 Qd6 20. Nc6 Rfc8 21. Rac1 Rc7 22. Rfd1 Bf6 23. Bb6 Rcc8 24. Bd4 Bxd4 25. Rxd4 Kg7 26. b4 Nxf2 27. Kxf2 Qf6+ 28. Ke2 Ra3 29. Rd2 d4 30. Qc4 1/2-1/2

[Event "56th ch-YUG, Herceg Novi YUG"]
[Site "?"]
[Date "2001.??.??"]
[Round "8"]
[White "Djukic, Ni"]
[Black "Tadic, B."]
[Result "1/2-1/2"]
[WhiteElo "2385"]
[BlackElo "2405"]
[PlyCount "80"]
[EventDate "2001.??.??"]
[Source "www.chesslib.no"]
[SourceDate "2004.05.04"]

1. d4 d6 2. c4 g6 3. Nc3 Bg7 4. e4 Nc6 5. Be3 e5 6. d5 Nd4 7. Nge2 Bg4 8. f3 Bxf3 9. gxf3 Nxf3+ 10. Kf2 Qf6 11. Bg2 Nh4+ 12. Kg1 Bh6 13. Qd2 Qf3 14. Bxf3 Nxf3+ 15. Kf2 Nxd2 16. b3 f5 17. exf5 gxf5 18. Rhg1 O-O-O 19. Bxh6 Nxh6 20. Ke3 Ne4 21. Nxe4 fxe4 22. Raf1 Rdf8 23. Kxe4 Kd8 24. Nc3 a6 25. b4 Rxf1 26. Rxf1 Ke7 27. c5 Rg8 28. Kd3 Rf8 29. Rxf8 Kxf8 30. c6 bxc6 31. dxc6 Ke7 32. Ke4 Ng8 33. Nd5+ Kd8 34. a4 Ne7 35. Nxe7 Kxe7 36. Kd5 Kd8 37. a5 Kc8 38. h4 h6 39. h5 Kb8 40. Ke4 Kc8 1/2-1/2

[Event "Polanica Zdroj op"]
[Site "?"]
[Date "1998.??.??"]
[Round "?"]
[White "Simantsev Mikhail"]
[Black "Namgilov Sogto"]
[Result "0-1"]
[WhiteElo "2350"]
[BlackElo "2430"]
[PlyCount "114"]
[EventDate "1998.??.??"]
[Source "www.chesslib.no"]
[SourceDate "2004.05.04"]

1. d4 d6 2. c4 g6 3. Nc3 Bg7 4. e4 Nc6 5. Be3 e5 6. d5 Nd4 7. Nge2 Nxe2 8. Bxe2 f5 9. f3 Bh6 10. Qd2 Bxe3 11. Qxe3 Nf6 12. O-O-O O-O 13. Bd3 Kh8 14. Rdf1 Qe7 15. Kb1 Bd7 16. Rd1 a6 17. Rhe1 Qg7 18. Rc1 b6 19. b4 a5 20. a3 fxe4 21. Bxe4 axb4 22. axb4 Bf5 23. Kb2 Bxe4 24. fxe4 Qd7 25. Rf1 c5 26. b5 Qg4 27. Rf2 Kg7 28. Rcf1 Qd7 29. h3 Qa7 30. g4 h6 31. Kc2 Qe7 32. Qg3 Ra3 33. Rf3 Rxc3+ 34. Rxc3 Nxe4 35. Qe1 Rxf1 36. Qxf1 Nxc3 37. Kxc3 Qf6 38. Qg2 e4+ 39. Kc2 Qf3 40. Qh2 Qd3+ 41. Kb2 Qd4+ 42. Kb3 Qf6 43. h4 e3 44. g5 Qe7 45. Qb2+ Kh7 46. Qe2 Qe4 47. Kb2 Kg7 48. Ka3 Qf4 49. Kb3 hxg5 50. hxg5 Qxg5 51. Qf3 Qe7 52. Qe2 Qe4 53. Qb2+ Qd4 54. Qe2 Qe4 55. Qb2+ Kf7 56. Qe2 Qb1+ 57. Kc3 Qb4+ 0-1

[Event "Tirnavia-B"]
[Site "Trnava"]
[Date "1987.??.??"]
[Round "11"]
[White "Spiridonov, Nikola"]
[Black "Hoi, Carsten"]
[Result "1-0"]
[WhiteElo "2420"]
[BlackElo "2355"]
[PlyCount "101"]
[EventDate "1987.??.??"]
[Source "www.chesslib.no"]
[SourceDate "2004.05.04"]

1. d4 d6 2. c4 g6 3. Nc3 Bg7 4. e4 Nc6 5. Be3 e5 6. d5 Nd4 7. Nge2 Nxe2 8. Bxe2 f5 9. f3 Bh6 10. Bf2 Nf6 11. O-O O-O 12. c5 Qe7 13. b4 a5 14. cxd6 cxd6 15. bxa5 Rxa5 16. a4 fxe4 17. fxe4 Nd7 18. Nb5 Rxf2 19. Kxf2 Nc5 20. Ra3 Nxe4+ 21. Kg1 Bd7 22. Qc2 Nc5 23. Qc3 Ra8 24. Qb4 e4 25. Nc7 Rf8 26. Ne6 Rxf1+ 27. Bxf1 Bxe6 28. dxe6 Qf6 29. Qc4 Kf8 30. Rh3 Kg7 31. Qd5 Qxe6 32. Qxe6 Nxe6 33. Rb3 Nc5 34. Rc3 Bd2 35. Rc2 Be3+ 36. Kh1 Bd4 37. a5 Kf6 38. Bc4 Ke5 39. g3 Kf5 40. Kg2 e3 41. Bd5 g5 42. Kf1 Ke5 43. Bg8 h6 44. Rc4 h5 45. h4 gxh4 46. gxh4 Nd3 47. Rc7 Nf4 48. Bc4 Bc3 49. Be2 Nd5 50. Rxb7 Bxa5 51. Rb5 1-0

[Event "Calcutta"]
[Site "Calcutta"]
[Date "1992.??.??"]
[Round "1"]
[White "Murshed, Niaz"]
[Black "Anilkumar, OT."]
[Result "1/2-1/2"]
[WhiteElo "2505"]
[BlackElo "2265"]
[PlyCount "95"]
[EventDate "1992.01.??"]
[Source "ChessBase"]

1. d4 d6 2. c4 g6 3. Nc3 Bg7 4. e4 Nc6 5. Nge2 e5 6. d5 Nce7 7. Ng3 f5 8. exf5 Nxf5 9. Bd3 Nge7 10. Bg5 O-O 11. Qd2 Qe8 12. Nce4 h6 13. Be3 b6 14. h4 Qf7 15. O-O-O b5 16. cxb5 Qxd5 17. Nc3 Qf7 18. Be4 Nxe3 19. fxe3 Rb8 20. h5 Qc4 21. hxg6 Bg4 22. Rdf1 Be6 23. Bd3 Qg4 24. Nh5 Rxf1+ 25. Bxf1 Rf8 26. Bd3 Bc4 27. Nxg7 Bxd3 28. Ne6 Qxe6 29. Qxd3 Kg7 30. Rf1 Rxf1+ 31. Qxf1 Nxg6 32. Qf3 Ne7 33. e4 Qf6 34. Qe2 Qe6 35. a4 c6 36. a5 cxb5 37. Qxb5 Qc8 38. a6 Qc5 39. Qd7 Kf6 40. Qh3 Kf7 41. Qh5+ Kg7 42. Qe2 Kf6 43. Kc2 d5 44. Qf3+ Ke6 45. Qh3+ Kf7 46. Qxh6 dxe4 47. Qh7+ Ke6 48. Qxe4 1/2-1/2

[Event "HUN Ch"]
[Site "Budapest HUN"]
[Date "1979.??.??"]
[Round "8"]
[White "Lukacs, Peter"]
[Black "Orso, Miklos"]
[Result "1-0"]
[WhiteElo "2420"]
[BlackElo "2350"]
[PlyCount "119"]
[EventDate "1979.11.??"]
[Source "www.chesslib.no"]
[SourceDate "2004.05.04"]

1. d4 d6 2. c4 g6 3. Nc3 Bg7 4. e4 Nc6 5. Be3 e5 6. d5 Nce7 7. g4 f5 8. gxf5 gxf5 9. Qh5+ Ng6 10. exf5 Qh4 11. Qxh4 Nxh4 12. Nb5 Kd8 13. Nxa7 Bxf5 14. Nb5 Be4 15. f3 Bg6 16. Bh3 b6 17. Kf2 Nf5 18. Bxf5 Bxf5 19. Ne2 Nf6 20. Ng3 Bg6 21. Ke2 Rf8 22. Nc3 Kd7 23. Nge4 Nh5 24. Rhg1 Nf4+ 25. Kd2 Rf5 26. Ng3 Rf7 27. Nce4 Nh3 28. Rgf1 Raf8 29. Ke2 Nf4+ 30. Kd2 Ng2 31. Ke2 Nxe3 32. Kxe3 h5 33. h4 Rf4 34. Ke2 Rxh4 35. Rh1 Rff4 36. Rxh4 Rxh4 37. Rh1 Rxh1 38. Nxh1 Kc8 39. b4 Bh6 40. Nhf2 Bf7 41. b5 Bg6 42. Kf1 Be3 43. Kg2 Bxf2 44. Kxf2 h4 45. Kg2 Bf5 46. a4 Kd7 47. Kg1 Ke7 48. Kh2 Bd7 49. Kg2 Kf7 50. Kh2 Bf5 51. Kg2 Kg6 52. Kh2 Bc8 53. Kg2 Bd7 54. Kg1 Kf5 55. Kh2 Kf4 56. Nxd6 Kxf3 57. a5 bxa5 58. c5 e4 59. c6 Be8 60. b6 1-0

[Event "Biel op"]
[Site "Biel"]
[Date "1995.??.??"]
[Round "9"]
[White "Liardet, Fabrice"]
[Black "Finkel, Alexander"]
[Result "0-1"]
[WhiteElo "2275"]
[BlackElo "2490"]
[PlyCount "62"]
[EventDate "1995.07.??"]
[Source "ChessBase"]

1. d4 d6 2. c4 g6 3. Nc3 Bg7 4. e4 Nc6 5. Nge2 Nf6 6. d5 Ne5 7. Ng3 O-O 8. Be2 c6 9. f4 Ned7 10. Be3 cxd5 11. exd5 a6 12. O-O b5 13. cxb5 axb5 14. Bxb5 Bb7 15. Bd4 Rc8 16. a4 Nb6 17. a5 Nbxd5 18. Nxd5 Nxd5 19. Bxg7 Kxg7 20. Qd4+ Nf6 21. b4 Rc2 22. Be2 Qa8 23. Bf3 Rfc8 24. a6 Bxf3 25. gxf3 R8c4 26. Qd3 Qa7+ 27. Kh1 R4c3 28. Qb5 Rb2 29. Nf5+ gxf5 30. Rg1+ Ng4 31. Qxf5 Rxh2# 0-1

[Event "Edmonton"]
[Site "?"]
[Date "2004.06.05"]
[Round "2"]
[White "Neven Knut"]
[Black "Yoos Jack"]
[Result "1/2-1/2"]
[WhiteElo "2299"]
[BlackElo "2450"]
[PlyCount "40"]
[EventDate "2004.??.??"]
[Source "www.chesslib.no"]
[SourceDate "2004.05.04"]

1. d4 d6 2. c4 g6 3. Nc3 Bg7 4. e4 Nc6 5. Nge2 e5 6. d5 Nce7 7. Bg5 f6 8. Be3 Nh6 9. f3 f5 10. Qd2 Nf7 11. Nc1 O-O 12. Nd3 c5 13. Be2 f4 14. Bf2 g5 15. g4 fxg3 16. hxg3 Ng6 17. O-O-O a6 18. Kb1 Bd7 19. Nc1 Qe8 20. Rh5 b5 1/2-1/2

[Event "CHI Ch"]
[Site "Santiago CHI"]
[Date "1995.??.??"]
[Round "?"]
[White "Silva, Sebastian"]
[Black "Godoy Bugueno, David A"]
[Result "1-0"]
[WhiteElo "2390"]
[BlackElo "2355"]
[PlyCount "73"]
[EventDate "1995.??.??"]
[Source "www.chesslib.no"]
[SourceDate "2004.05.04"]

1. d4 d6 2. c4 g6 3. Nc3 Bg7 4. e4 Nc6 5. Be3 e5 6. d5 Nce7 7. c5 Bh6 8. cxd6 cxd6 9. Bb5+ Kf8 10. Bxh6+ Nxh6 11. f4 f6 12. Qd2 Kg7 13. Nf3 a6 14. Bd3 Rf8 15. O-O-O Nf7 16. Ne2 Bd7 17. h3 exf4 18. Nxf4 Qb6 19. Kb1 Ne5 20. Be2 Kg8 21. Nd4 Rac8 22. Nfe6 Rf7 23. Rc1 Bxe6 24. Nxe6 Qf2 25. Rxc8+ Nxc8 26. Rc1 Nb6 27. Qb4 h5 28. Bf1 Qe3 29. a3 Rd7 30. Rc2 Qg1 31. Ka2 Nxd5 32. Qb3 Ne3 33. Rc8+ Kh7 34. Nf8+ Kh6 35. Nxd7 Nxf1 36. Nxe5 Nd2 37. Rh8+ 1-0

[Event "Budapest HUN"]
[Site "?"]
[Date "2004.07.06"]
[Round "4"]
[White "Khmelniker Ilya"]
[Black "Lordscheid Gerd"]
[Result "1-0"]
[WhiteElo "2444"]
[BlackElo "2296"]
[PlyCount "53"]
[EventDate "2004.??.??"]
[Source "www.chesslib.no"]
[SourceDate "2004.05.04"]

1. d4 d6 2. c4 g6 3. Nc3 Bg7 4. e4 Nc6 5. Be3 e5 6. d5 Nce7 7. c5 f5 8. cxd6 cxd6 9. Qa4+ Kf8 10. f3 Bh6 11. Bxh6+ Nxh6 12. O-O-O Nf7 13. Bd3 f4 14. Nge2 g5 15. Qb4 Ng6 16. Kb1 Kg7 17. Rc1 a6 18. Rc2 b5 19. a4 Bd7 20. axb5 axb5 21. Nxb5 Qb6 22. Rhc1 Bxb5 23. Qxb5 Qa7 24. Rc7 Qe3 25. R1c3 Rhf8 26. Nc1 Rab8 27. Rxf7+ 1-0

[Event "Politiken Cup"]
[Site "Copenhagen DEN"]
[Date "1991.??.??"]
[Round "?"]
[White "Sergeev, Vladimir"]
[Black "Hoi, Carsten"]
[Result "1-0"]
[WhiteElo "2325"]
[BlackElo "2405"]
[PlyCount "103"]
[EventDate "1991.??.??"]
[Source "www.chesslib.no"]
[SourceDate "2004.05.04"]

1. d4 d6 2. c4 g6 3. Nc3 Bg7 4. e4 Nc6 5. Nge2 e5 6. Be3 exd4 7. Nxd4 Nge7 8. Qd2 f5 9. exf5 Nxf5 10. Nxf5 Bxf5 11. Be2 Qd7 12. O-O O-O 13. Rad1 Rad8 14. Nd5 Kh8 15. Rfe1 Be6 16. b3 Rf7 17. Bf1 Ne5 18. Bd4 c5 19. Ba1 Bxd5 20. Qxd5 Rf5 21. Qe4 Nc6 22. Bxg7+ Qxg7 23. Bd3 Rdf8 24. f3 Re5 25. Qh4 g5 26. Qg3 Rxe1+ 27. Qxe1 g4 28. fxg4 Qxg4 29. h3 Qg7 30. Qe4 Ne5 31. Be2 Qg3 32. Rf1 Rg8 33. Kh1 Qg7 34. Bh5 Qg5 35. Bd1 Qg7 36. Bc2 Ng6 37. Qd5 Ne5 38. Be4 b6 39. Qxd6 Nd7 40. Bd5 Rf8 41. Re1 Nf6 42. Re7 Qh6 43. Rxa7 Qc1+ 44. Kh2 Qh6 45. Qe5 Re8 46. Ra8 Rxa8 47. Bxa8 Kg7 48. Bd5 Kg6 49. Bf3 Qd2 50. h4 Qxa2 51. h5+ Kf7 52. Qc7+ 1-0

[Event "Espergaerde"]
[Site "Espergaerde"]
[Date "1987.??.??"]
[Round "1"]
[White "Hansen, Lars Bo"]
[Black "Hoi, Carsten"]
[Result "1/2-1/2"]
[WhiteElo "2355"]
[BlackElo "2365"]
[PlyCount "34"]
[EventDate "1987.??.??"]
[Source "www.chesslib.no"]
[SourceDate "2004.05.04"]

1. d4 d6 2. c4 g6 3. Nc3 Bg7 4. e4 Nc6 5. d5 Nd4 6. Be3 e5 7. Nge2 Nxe2 8. Bxe2 f5 9. exf5 gxf5 10. f4 exf4 11. Bxf4 Ne7 12. Bg5 O-O 13. O-O Qd7 14. Bh5 Ng6 15. Bxg6 hxg6 16. Qd2 Be5 17. Ne2 Re8 1/2-1/2

[Event "Budapest FS05 IM"]
[Site "Budapest"]
[Date "1996.??.??"]
[Round "1"]
[White "Hoang Thanh Trang"]
[Black "Hennig, Dirk"]
[Result "0-1"]
[WhiteElo "2360"]
[BlackElo "2355"]
[PlyCount "68"]
[EventDate "1996.05.??"]
[Source "ChessBase"]

1. d4 d6 2. c4 g6 3. Nc3 Bg7 4. e4 Nc6 5. Be3 e5 6. d5 Nce7 7. g3 f5 8. Bg2 Nf6 9. Nge2 O-O 10. Qd2 Ng4 11. Bg5 h6 12. h3 hxg5 13. hxg4 f4 14. f3 a6 15. Nc1 Bd7 16. Nd3 Qb8 17. gxf4 gxf4 18. g5 Qa7 19. Bh3 Bxh3 20. Rxh3 Qg1+ 21. Ke2 Qxa1 22. Kf2 Kf7 23. Nc1 Rh8 24. Rxh8 Rxh8 25. N3e2 Rh2+ 26. Ke1 Qb1 27. Qc3 b6 28. Kd2 a5 29. a3 Bf8 30. Qb3 Ng8 31. c5 bxc5 32. Qb5 Be7 33. Kc3 Kg7 34. Kb3 Rf2 0-1

[Event "RUS Team Ch"]
[Site "Briansk"]
[Date "1995.??.??"]
[Round "9"]
[White "Shariyazdanov, Andrey"]
[Black "Meshkov, Yuri A"]
[Result "1-0"]
[WhiteElo "2460"]
[BlackElo "2250"]
[PlyCount "30"]
[EventDate "1995.??.??"]
[Source "www.chesslib.no"]
[SourceDate "2004.05.04"]

1. d4 d6 2. c4 g6 3. Nc3 Bg7 4. e4 Nc6 5. Be3 e5 6. d5 Nce7 7. g4 c6 8. Bd3 Nh6 9. h3 f6 10. Nge2 Nf7 11. Ng3 Bh6 12. Qf3 O-O 13. O-O-O Bxe3+ 14. Qxe3 Kg7 15. Rdg1 Ng8 1-0

[Event "Bundesliga 9697"]
[Site "Germany"]
[Date "1996.??.??"]
[Round "?.8"]
[White "Hoffmeyer, Falk"]
[Black "Hennig, Dirk"]
[Result "0-1"]
[WhiteElo "2255"]
[BlackElo "2450"]
[PlyCount "90"]
[EventDate "1996.10.??"]
[Source "ChessBase"]
[SourceDate "1999.07.01"]

1. d4 d6 2. c4 g6 3. Nc3 Bg7 4. e4 Nc6 5. d5 Nd4 6. Be3 c5 7. Nge2 e5 8. dxe6 Nxe6 9. Qd2 Nf6 10. f3 O-O 11. Nf4 Nd4 12. Bd3 Be6 13. Nfe2 Nd7 14. O-O Ne5 15. Nd5 Nxd3 16. Qxd3 Nxe2+ 17. Qxe2 Bxd5 18. cxd5 f5 19. Bf4 g5 20. Bg3 f4 21. Be1 Bd4+ 22. Kh1 Qf6 23. Rb1 Rac8 24. Qc2 b5 25. a3 Rb8 26. Bc3 Kg7 27. Rfd1 Bxc3 28. bxc3 Rb6 29. Rb3 Rfb8 30. Rdb1 Kh6 31. Kg1 Qe5 32. h3 a5 33. Kf1 Kh5 34. Qd2 h6 35. R3b2 Kg6 36. Rb3 h5 37. Qe1 R6b7 38. R3b2 Kf6 39. Qd2 g4 40. hxg4 hxg4 41. g3 gxf3 42. gxf4 Qxe4 43. Re1 Qc4+ 44. Kf2 Rg7 45. Kxf3 Rbg8 0-1

[Event "FRA Ch"]
[Site "France"]
[Date "1991.??.??"]
[Round "6"]
[White "Fayard, Alain"]
[Black "Bricard, Emmanuel"]
[Result "1/2-1/2"]
[WhiteElo "2285"]
[BlackElo "2395"]
[PlyCount "72"]
[EventDate "1991.08.??"]
[Source "www.chesslib.no"]
[SourceDate "2004.05.04"]

1. d4 d6 2. c4 g6 3. Nc3 Bg7 4. e4 Nc6 5. d5 Ne5 6. Be2 Nf6 7. f4 Ned7 8. Nf3 O-O 9. O-O c6 10. Kh1 a6 11. Be3 cxd5 12. cxd5 Nc5 13. Nd2 b5 14. b4 Ncd7 15. Rc1 e6 16. Nb3 exd5 17. Nxd5 Bb7 18. Bf3 Bxd5 19. exd5 Re8 20. Bg1 Ne4 21. Qd3 f5 22. Nd4 Qh4 23. Bxe4 fxe4 24. Qb3 Nf6 25. Ne6 Rac8 26. Rc6 Qg4 27. Nxg7 Kxg7 28. Rxd6 Qe2 29. Qb1 e3 30. Qa1 Rc2 31. Qxf6+ Kg8 32. Qg5 Qxf1 33. Rxg6+ hxg6 34. Qxg6+ Kf8 35. Qf6+ Kg8 36. Qg6+ Kf8 1/2-1/2